Very Difficult Scrubs Trivia - Statistics

General Stats
  • This quiz has been taken 1,179 times
  • The average score is 6 of 15
Answer Stats
Hint Answer % Correct
What is unique about Matthew J Fox's character in Scrubs? He has OCD
68%
What is Keith's second name? Dudemeister
62%
What instrument does Ted's girlfriend play? Ukelele
57%
What is Dr Kelso's pet name for his wife? Bunny
52%
Where did Carla grow up? Chicago
52%
What is Elliot's (possibly) gay brother called? Barry
51%
What is the name of the stuffed dog that The Janitor aquires to replace Rowdy when Carla loses him? Steven
51%
When JD's brother Dan goes to see Elliot when they are dating, what 3 items does he take with him? Candle Dido Cd Champagne
50%
What is Dr Cox's middle name? Ulysses
44%
What car does JD's brother give to him Prius
37%
What is Turk and JD's favourite sitcom? Sanford and Son
30%
Name the singer/songwriter who provides a lot of music for Scrubs Colin Hay
26%
Complete the line from Dr Cox's song in the episode "My Musical": It's your hair, your nose your _______ ____ Chinless face
19%
What is the full name of JD's clumsy girlfriend? Julie Quinn
4%
What disease does JD "smell out" on an old man who's chart he has left downstairs? non-Hotchkins Lymphoma
3%
No matching quizzes found
Score Distribution
Percent of People with Each Score
Percentile by Number Answered
Your Score History
You have not taken this quiz